Statistics for US Presidents' First Names

Click here to take the quiz!

General Stats

  • This quiz has been taken 87 times
  • The average score is 39 of 44

Answer Stats

Surname First Name % Correct
WashingtonGeorge
100%
LincolnAbraham
100%
ObamaBarack
100%
AdamsJohn
100%
TrumpDonald
100%
NixonRichard
98%
HarrisonWilliam
98%
ReaganRonald
96%
CarterJimmy
96%
JeffersonThomas
95%
MadisonJames
95%
RooseveltTheodore
91%
TrumanHarry
89%
FordGerald
89%
JacksonAndrew
86%
WilsonWoodrow
86%
EisenhowerDwight
84%
PierceFranklin
84%
HooverHerbert
82%
GrantUlysses
81%
JohnsonLyndon
81%
CoolidgeCalvin
77%
Van BurenMartin
75%
ClevelandGrover
75%
ArthurChester
68%
HayesRutherford
63%
TaylorZachary
61%
FillmoreMillard
56%
HardingWarren
54%
HarrisonBenjamin
54%

Score Distribution

Percentile by Number Answered

Percent of People with Each Score

Your Score History

You have not taken this quiz